|
|
|
|
| LEADER |
01678cam a2200313 a 4500 |
| 001 |
00440879 |
| 003 |
GR-PaULI |
| 008 |
120831m2007 gr 000 0 gre d |
| 040 |
|
|
|a GrPaTEI
|b gre
|c GR-PaULI
|
| 082 |
|
0 |
|a 516.36
|2 21
|
| 084 |
|
|
|a ΦΥΕ 10, 20
|
| 100 |
1 |
|
|a Παπαντωνίου, Βασίλειος Ι.
|
| 245 |
1 |
0 |
|a Διαφορική γεωμετρία /
|c Βασίλειος Ι. Παπαντωνίου.
|
| 260 |
|
|
|a Πάτρα :
|b Πανεπιστημίου Πατρών,
|c 1997
|c 2007,
|c 2004.
|
| 300 |
|
|
|a 2 τ. :
|b σχήμ. ;
|c 25 εκ
|
| 505 |
0 |
|
|a Τ. 1 Θεωρία καμπυλών-τ. 2 Θεωρία επιφανειών
|
| 650 |
|
4 |
|a Γενικά μαθηματικά Ι
|x ΦΥΕ 10
|2 local
|
| 650 |
|
4 |
|a Γενικά μαθηματικά ΙΙ
|x ΦΥΕ 20
|2 local
|
| 650 |
|
4 |
|a Γεωμετρία, Διαφορική
|
| 710 |
|
|
|a Πανεπιστήμιο Πατρών
|
| 773 |
|
|
|a Θεωρία επιφανειών
|
| 773 |
|
|
|a Θεωρία καμπυλών
|
| 787 |
|
1 |
|a Διαφορική γεωμετρία
|f Martin M. Lipschutz
|
| 787 |
|
1 |
|a Διαφορική γεωμετρία
|f Σ. Ηλιάδης
|
| 942 |
|
|
|2 ddc
|
| 952 |
|
|
|0 0
|1 0
|2 ddc
|4 0
|6 516_360000000000000_ΠΑΠ
|7 0
|9 250774
|a LISK
|b LISK
|c BSC
|d 2021-01-17
|e 24
|f 0
|g 0.00
|l 0
|o 516.36 ΠΑΠ
|p 99241000061857
|r 2021-01-17 00:00:00
|t 1
|w 2021-01-17
|y BK15
|x Purchase/Donation Number
|x General Note
|x GrPaTEI
|
| 952 |
|
|
|0 0
|1 0
|2 ddc
|4 0
|6 516_360000000000000_ΠΑΠ
|7 1
|9 250775
|a LISK
|b LISK
|c BSC
|d 2021-01-17
|e 24
|f 0
|g 0.00
|l 0
|o 516.36 ΠΑΠ
|p 99241000061859
|r 2021-01-17 00:00:00
|t 1
|w 2021-01-17
|y BKN
|x Purchase/Donation Number
|x General Note
|x GrPaTEI
|
| 971 |
|
|
|a .b13105437
|b 07-10-20
|c 28-08-15
|
| 999 |
|
|
|c 148838
|d 148838
|